00918nam a22001817a 450000500170000000800410001702000180005804000070007604100080008308200210009110000200011224500770013226000320020930000330024136500640027452003570033865000410069520240314164437.0240304b ||||| |||| 00| 0 eng d a9781032599205 cAL aeng 223a006.25bALTM aFadi Al Turjman aMultimedia enabled sensors in IOTb: data delivery and traffic modelling aBoca RatonbCRC Pressc2023 axiii,300p.bHBc23.5x15.5cm. 2Generala7739b₹1946.10c₹d₹2495.00e22%f15-02-2024 aThis book gives an overview of best effort data and real-time multipath routing protocols in WMSN. It provides results of recent research in design issues affecting the development of strategic multipath routing protocols that support multimedia data traffic in WMSN from an IoT perspective, plus detailed analysis on the appropriate traffic models.  2TelecommunicationaComputer methods